The sword of Allah, Khalid bin al-Waleed: his life and campaigns, (Record no. 549495)
[ view plain ]
| 000 -LEADER | |
|---|---|
| fixed length control field | 00428cam a2200133 4500 |
| 082 00 - DEWEY DECIMAL CLASSIFICATION NUMBER | |
| Classification number | 922.97 |
| Author Mark | AKR |
| -- | L-30, P-42 |
| 100 1# - MAIN ENTRY--PERSONAL NAME | |
| Personal name | Akram, A. I. |
| 9 (RLIN) | 44797 |
| 245 14 - TITLE STATEMENT | |
| Title | The sword of Allah, Khalid bin al-Waleed: his life and campaigns, |
| Statement of responsibility, etc. | by A. I. Akram. |
| 260 ## - PUBLICATION, DISTRIBUTION, ETC. | |
| Place of publication, distribution, etc. | Karachi, |
| Name of publisher, distributor, etc. | National Pub. House |
| Date of publication, distribution, etc. | [1970] |
| 300 ## - PHYSICAL DESCRIPTION | |
| Extent | xxiv, 504 p. |
| Other physical details | maps. |
| Dimensions | 23 cm. |
| 526 ## - STUDY PROGRAM INFORMATION NOTE | |
| Program name | 0 |
| Interest level | 0 |
| Reading level | 0 |
| Title point value | 922_970000000000000_AKR |
| 650 ## - SUBJECT ADDED ENTRY--TOPICAL TERM | |
| Topical term or geographic name entry element | MCE |
| 9 (RLIN) | 379 |
| 942 ## - ADDED ENTRY ELEMENTS (KOHA) | |
| Source of classification or shelving scheme | |
| Koha item type | Book |
| Withdrawn status | Lost status | Source of classification or shelving scheme | Damaged status | Not for loan | Permanent Location | Current Location | Date acquired | Total Checkouts | Full call number | Barcode | Date last seen | Date last checked out | Price effective from | Koha item type |
|---|---|---|---|---|---|---|---|---|---|---|---|---|---|---|
| Military College of Engineering (MCE) | Military College of Engineering (MCE) | 09/25/2014 | 4 | 922.97 AKR | MCE-40006 | 02/28/2020 | 02/18/2020 | 09/25/2014 | Book |
